Malaysia : perspektif sejarah dan politik
| Main Author: | |
|---|---|
| Format: | Book |
| Published: |
Skudai :
Penerbt Universiti Teknologi Malaysia ,
2002
|
| Subjects: |
MARC
| LEADER | 00000cam a2200000 7i4500 | ||
|---|---|---|---|
| 001 | 0000003677 | ||
| 005 | 20080131.0 | ||
| 020 | 0 | 0 | |a 9835202710 |
| 090 | 0 | 0 | |a 959.5 |b KAS |
| 100 | 1 | 0 | |a Kassim Thukiman |
| 245 | 1 | 0 | |a Malaysia : |b perspektif sejarah dan politik |c Kassim Thukiman |
| 260 | 0 | 0 | |a Skudai : |b Penerbt Universiti Teknologi Malaysia , |c 2002 |
| 300 | |a viii, 229ms. ; |c 24cm. | ||
| 500 | 0 | 0 | |a Mengandungi indeks |
| 650 | 0 | 0 | |a Malaysia |x History |
| 650 | 0 | 0 | |a Malaysia |x Politics and government |
| 999 | |a 0000007132 |b Monograph |c Open Shelf |e Default branch | ||